[Event "SVK-chT1E 2122"]
[Site "Slovakia"]
[Date "2022.04.24"]
[Round "9.4"]
[White "Holecko, Rastislav"]
[Black "Koval, Daniel"]
[Result "1-0"]
[WhiteElo "2145"]
[BlackElo "2012"]
[PlyCount "103"]
[EventDate "2022.01.29"]
[EventType "team-tourn"]
[EventRounds "11"]
[EventCountry "SVK"]
[SourceTitle "EXT 2023"]
[Source "ChessBase"]
[SourceDate "2022.10.05"]
[SourceVersion "1"]
[SourceVersionDate "2022.10.05"]
[SourceQuality "1"]
[WhiteTeam "Michalovce Zemplin"]
[BlackTeam "Presov Tatran Dason"]
[WhiteTeamCountry "SVK"]
[BlackTeamCountry "SVK"]

1. e4 e6 2. d4 d5 3. Nd2 Nf6 4. Bd3 c5 5. c3 Nc6 6. e5 Nd7 7. Ne2 cxd4 8. cxd4 f6 9. exf6 Qxf6 10. Nf3 Bb4+ 11. Bd2 Bxd2+ 12. Qxd2 0-0 13. 0-0 e5 14. dxe5 Ndxe5 15. Nxe5 Nxe5 16. Nc3 Be6 17. Rad1 Rac8 18. Qe2 d4 19. Ne4 Qf4 20. Ng3 Bf7 21. b3 Rfe8 22. Qe4 Nxd3 23. Qxd3 Bg6 24. Qxd4 Qxd4 25. Rxd4 Rc2 26. a4 Rb2 27. b4 Bc2 28. Rd2 Rc8 29. Nf5 Rc3 30. Ne3 Ra2 31. Rc1 Bd3 32. Rxc3 Rxd2 33. Rc8+ Kf7 34. Rc7+ Ke6 35. Rxb7 Ra2 36. h3 Rxa4 37. Rxg7 a6 38. Rg4 h5 39. Rd4 Bb5 40. f3 a5 41. Re4+ Kf6 42. Kf2 Bc6 43. Rc4 Bb7 44. bxa5 Rxa5 45. Kg3 Re5 46. Kf4 Rb5 47. Rd4 Rb3 48. Rd6+ Ke7 49. Rh6 Rb4+ 50. Kg5 Rb5+ 51. Nf5+ Kf7 52. Rf6+ 1-0

[Event "SVK-chT1E 2122"]
[Site "Slovakia"]
[Date "2022.02.26"]
[Round "4.3"]
[White "Holecko, Rastislav"]
[Black "Kantorik, Marian"]
[Result "1/2-1/2"]
[WhiteElo "2145"]
[BlackElo "2224"]
[PlyCount "120"]
[EventDate "2022.01.29"]
[EventType "team-tourn"]
[EventRounds "11"]
[EventCountry "SVK"]
[SourceTitle "EXT 2023"]
[Source "ChessBase"]
[SourceDate "2022.10.05"]
[SourceVersion "1"]
[SourceVersionDate "2022.10.05"]
[SourceQuality "1"]
[WhiteTeam "Michalovce Zemplin"]
[BlackTeam "Dunajov Inbest"]
[WhiteTeamCountry "SVK"]
[BlackTeamCountry "SVK"]

1. e4 e5 2. Nf3 Nc6 3. Bb5 a6 4. Ba4 d6 5. Qe2 Bd7 6. c3 Nge7 7. d4 Ng6 8. Be3 Be7 9. Nbd2 h6 10. Nf1 Bg5 11. Qd2 Bxe3 12. Nxe3 0-0 13. Bb3 Re8 14. dxe5 Ncxe5 15. Nxe5 Rxe5 16. 0-0-0 a5 17. Rhe1 a4 18. Bc2 a3 19. b3 Re8 20. Nd5 b5 21. h3 c6 22. Nf4 Nxf4 23. Qxf4 d5 24. exd5 Rxe1 25. Rxe1 cxd5 26. Qe5 Rc8 27. Re3 Qg5 28. Qxg5 hxg5 29. Kd2 g4 30. hxg4 Bxg4 31. Re7 Rb8 32. Ra7 g6 33. Rxa3 Kg7 34. Bd3 Bd7 35. Ra7 Be8 36. Ra6 Bd7 37. b4 Rc8 38. Rd6 Bc6 39. Be2 Kf8 40. Bg4 Rc7 41. Rd8+ Ke7 42. Rc8 Rxc8 43. Bxc8 d4 44. g3 dxc3+ 45. Kxc3 Kd6 46. Kd4 f6 47. Bg4 Be8 48. Be2 Bc6 49. Bd3 g5 50. f4 gxf4 51. gxf4 Be8 52. Be4 Bf7 53. Bd5 Be8 54. Be4 Bd7 55. Kc3 Be8 56. Kb2 Bd7 57. a4 bxa4 58. Ka3 Bb5 59. Bc2 Kd5 60. Bxa4 Bd3 1/2-1/2

[Event "SVK-chT1E 1920"]
[Site "Slovakia"]
[Date "2020.02.22"]
[Round "8.5"]
[White "Zatko, Gregor"]
[Black "Holecko, Rastislav"]
[Result "1-0"]
[WhiteElo "2105"]
[BlackElo "2148"]
[PlyCount "120"]
[EventDate "2019.10.12"]
[EventType "team-tourn"]
[EventRounds "11"]
[EventCountry "SVK"]
[SourceTitle "CBM 195 Extra"]
[Source "ChessBase"]
[SourceDate "2020.05.31"]
[SourceVersion "1"]
[SourceVersionDate "2020.05.31"]
[SourceQuality "1"]
[WhiteTeam "Banska Bystrica Junior"]
[BlackTeam "Michalovce Zemplin"]
[WhiteTeamCountry "SVK"]
[BlackTeamCountry "SVK"]

1. d4 Nf6 2. Bg5 d6 3. Nc3 c6 4. Qd3 Qa5 5. Bd2 Na6 6. Ne4 Qb6 7. Nxf6+ exf6 8. 0-0-0 Be6 9. e4 Be7 10. Nf3 d5 11. exd5 Bxd5 12. Qe3 Be6 13. c4 0-0 14. Bc3 Rfe8 15. Qd2 Bb4 16. a3 Bxc3 17. Qxc3 Qd8 18. Kb1 Rb8 19. Bd3 b5 20. d5 cxd5 21. cxb5 Rc8 22. Qd2 Nc5 23. Nd4 Qb6 24. Rhe1 Bd7 25. f3 g6 26. Rxe8+ Rxe8 27. Rc1 Kg7 28. b4 Nb7 29. Qc3 Re3 30. a4 Nd6 31. Nc2 d4 32. Qd2 Re5 33. Na3 Re3 34. Kb2 Be6 35. Rc6 Qd8 36. Nc2 Re5 37. Nxd4 Bd5 38. Rc5 Nb7 39. Rc3 Qd6 40. Rc1 Nd8 41. Qc3 Re3 42. Nc2 Re5 43. Qc5 Qd7 44. Nd4 Bxf3 45. Qc3 Bxg2 46. Bc4 Bb7 47. Rd1 Qe7 48. Bb3 Bd5 49. Nc6 Nxc6 50. bxc6 Re3 51. Rxd5 Rxc3 52. Kxc3 Qe1+ 53. Kc4 f5 54. Kb5 Qe8 55. Rd7 Kf6 56. Bxf7 Qc8 57. Kc5 f4 58. Bc4 g5 59. Bb5 Ke6 60. Rxh7 Qf8+ 1-0

[Event "SVK-chT1E 1920"]
[Site "Slovakia"]
[Date "2019.11.10"]
[Round "4.5"]
[White "Bielik, Jakub"]
[Black "Holecko, Rastislav"]
[Result "1/2-1/2"]
[WhiteElo "1928"]
[BlackElo "2177"]
[PlyCount "144"]
[EventDate "2019.10.12"]
[EventType "team-tourn"]
[EventRounds "11"]
[EventCountry "SVK"]
[SourceTitle "CBM 193 Extra"]
[Source "ChessBase"]
[SourceDate "2020.01.31"]
[SourceVersion "1"]
[SourceVersionDate "2020.01.31"]
[SourceQuality "1"]
[WhiteTeam "Dunajov Inbest II"]
[BlackTeam "Michalovce Zemplin"]
[WhiteTeamCountry "SVK"]
[BlackTeamCountry "SVK"]

1. e4 d5 2. exd5 Nf6 3. d4 Nxd5 4. c4 Nb6 5. Be3 e5 6. Nc3 exd4 7. Qxd4 Qxd4 8. Bxd4 Nc6 9. Be3 Bb4 10. 0-0-0 Bxc3 11. bxc3 Be6 12. c5 Nd5 13. Bd4 0-0 14. Kb2 Rfd8 15. Nf3 Bg4 16. Bc4 Nf4 17. h3 Bxf3 18. gxf3 Nxd4 19. cxd4 c6 20. Rhe1 Rd7 21. h4 Rad8 22. Re4 Ng6 23. Kc3 Kf8 24. h5 Ne7 25. Re5 h6 26. Rde1 Ng8 27. Rd1 Nf6 28. Rb1 Re8 29. Rxe8+ Kxe8 30. Rh1 Kd8 31. Rh4 b6 32. cxb6 axb6 33. Rh1 Ke7 34. a4 Kd6 35. Rb1 Kc7 36. Rh1 Re7 37. Kd2 Kd6 38. Rb1 Rb7 39. Rh1 Ra7 40. Bb3 Nd5 41. Rg1 f6 42. Rg4 f5 43. Rg6+ Nf6 44. Bc2 f4 45. Kc3 c5 46. Kc4 cxd4 47. Kxd4 Re7 48. Bd3 Kc7 49. Be4 Kb8 50. Kc4 Ka7 51. Bc6 Nxh5 52. Rd6 Kb8 53. Be4 Nf6 54. Rxb6+ Ka7 55. Rd6 Nxe4 56. fxe4 Rxe4+ 57. Kb5 Re5+ 58. Kb4 Re7 59. Kb5 f3 60. Rd3 Rf7 61. Rd6 h5 62. a5 h4 63. Ra6+ Kb8 64. Re6 h3 65. Re8+ Ka7 66. Rh8 Rb7+ 67. Kc4 Rb2 68. Rxh3 Rxf2 69. Rg3 Rf1 70. Rxg7+ Ka6 71. Rf7 f2 72. Kd3 Rd1+ 1/2-1/2

[Event "SVK-chT1E 1819"]
[Site "Slovakia"]
[Date "2019.02.24"]
[Round "9.4"]
[White "Motycakova, Monika"]
[Black "Holecko, Rastislav"]
[Result "1/2-1/2"]
[WhiteElo "2157"]
[BlackElo "2177"]
[PlyCount "50"]
[EventDate "2018.10.27"]
[EventType "team-tourn"]
[EventRounds "11"]
[EventCountry "SVK"]
[SourceTitle "CBM 189 Extra"]
[Source "ChessBase"]
[SourceDate "2019.06.03"]
[SourceVersion "1"]
[SourceVersionDate "2019.06.03"]
[SourceQuality "1"]
[WhiteTeam "Liptov Chess School II"]
[BlackTeam "Michalovce Zemplin"]
[WhiteTeamCountry "SVK"]
[BlackTeamCountry "SVK"]

1. e4 d5 2. exd5 Qxd5 3. Nc3 Qd6 4. d4 Nf6 5. Nf3 a6 6. g3 Bg4 7. Bg2 e6 8. 0-0 Nc6 9. Bf4 Qd7 10. h3 Bxf3 11. Qxf3 0-0-0 12. Rfd1 Nd5 13. Nxd5 exd5 14. c4 Ne7 15. Rac1 Ng6 16. Bd2 Kb8 17. Qb3 Qc8 18. Bxd5 Rxd5 19. cxd5 Qxh3 20. Qf3 Bd6 21. Rc3 h5 22. Qg2 Qg4 23. Qf3 Qh3 24. Qg2 Qg4 25. Qf3 Qh3 1/2-1/2

[Event "SVK-chT1E 1718"]
[Site "Slovakia"]
[Date "2018.02.03"]
[Round "7.2"]
[White "Sepesi, Samuel"]
[Black "Holecko, Rastislav"]
[Result "1-0"]
[WhiteElo "2162"]
[BlackElo "2206"]
[PlyCount "82"]
[EventDate "2017.10.21"]
[EventType "team-tourn"]
[EventRounds "11"]
[EventCountry "SVK"]
[SourceTitle "EXT 2019"]
[Source "ChessBase"]
[SourceDate "2018.10.10"]
[SourceVersion "1"]
[SourceVersionDate "2018.10.10"]
[SourceQuality "1"]
[WhiteTeam "Sabinov"]
[BlackTeam "Michalovce Zemplin"]
[WhiteTeamCountry "SVK"]
[BlackTeamCountry "SVK"]

1. e4 d5 2. exd5 Nf6 3. d4 Nxd5 4. c4 Nb6 5. Nf3 Bg4 6. c5 N6d7 7. Bc4 e6 8. Nc3 Be7 9. h3 Bh5 10. Bf4 0-0 11. g4 Bg6 12. Qe2 Nf6 13. 0-0-0 Nd5 14. Bxd5 exd5 15. Bxc7 Qd7 16. Bf4 Bf6 17. g5 Qf5 18. Qd2 Bd8 19. Nh4 Qd7 20. Bd6 Re8 21. Rde1 Nc6 22. Rxe8+ Qxe8 23. Re1 Qd7 24. Nxd5 Ba5 25. b4 Nxb4 26. Nxb4 Qa4 27. c6 Rc8 28. Nxg6 Rxc6+ 29. Kb2 Rxd6 30. Ne7+ Kf8 31. a3 Bxb4 32. axb4 Ra6 33. Qc3 Qa2+ 34. Kc1 Qa1+ 35. Kd2 Qa2+ 36. Qc2 g6 37. Qxa2 Rxa2+ 38. Kd3 Rxf2 39. Nd5 Rf3+ 40. Re3 Rf5 41. Re5 Kg7 1-0

[Event "SVK-chT1E 1718"]
[Site "Slovakia"]
[Date "2017.11.04"]
[Round "3.3"]
[White "Holecko, Rastislav"]
[Black "Balazs, Ladislav"]
[Result "0-1"]
[WhiteElo "2231"]
[BlackElo "2079"]
[PlyCount "62"]
[EventDate "2017.10.21"]
[EventType "team-tourn"]
[EventRounds "11"]
[EventCountry "SVK"]
[SourceTitle "CBM 181 Extra"]
[Source "ChessBase"]
[SourceDate "2017.12.12"]
[SourceVersion "1"]
[SourceVersionDate "2017.12.12"]
[SourceQuality "1"]
[WhiteTeam "Michalovce Zemplin"]
[BlackTeam "Jelsava Magnezit"]
[WhiteTeamCountry "SVK"]
[BlackTeamCountry "SVK"]

1. e4 c5 2. Nc3 Nc6 3. f4 e6 4. Nf3 d5 5. d3 Nf6 6. e5 Ng8 7. g3 Nge7 8. Bg2 Nf5 9. Qe2 Be7 10. Qf2 Bd7 11. a3 b5 12. 0-0 b4 13. Ne2 h5 14. h3 Rc8 15. c3 bxc3 16. bxc3 Na5 17. Rb1 Ba4 18. Ne1 Bd1 19. Kh2 Bxe2 20. Qxe2 h4 21. gxh4 Bxh4 22. Rf3 Rb8 23. Rxb8 Qxb8 24. Be3 g5 25. Bxc5 g4 26. Rf1 gxh3 27. Bf3 Ng3 28. Qf2 Nxf1+ 29. Qxf1 Qb2+ 30. Kh1 Qd2 31. Bb4 Nc6 0-1

[Event "SVK-chT 1617"]
[Site "Slovakia"]
[Date "2017.03.25"]
[Round "10.6"]
[White "Holecko, Rastislav"]
[Black "Motuz, Karol"]
[Result "1/2-1/2"]
[WhiteElo "2236"]
[BlackElo "2317"]
[PlyCount "46"]
[EventDate "2016.10.22"]
[EventType "team-tourn"]
[EventRounds "11"]
[EventCountry "SVK"]
[SourceTitle "CBM 177 Extra"]
[Source "ChessBase"]
[SourceDate "2017.04.27"]
[SourceVersion "1"]
[SourceVersionDate "2017.04.27"]
[SourceQuality "1"]
[WhiteTeam "Sabinov"]
[BlackTeam "Dubnica nad Vahom"]
[WhiteTeamCountry "SVK"]
[BlackTeamCountry "SVK"]

1. e4 c5 2. Nc3 Nc6 3. g3 g6 4. Bg2 Bg7 5. d3 e5 6. Nh3 Nge7 7. 0-0 d6 8. f4 Nd4 9. Be3 0-0 10. Qd2 Rb8 11. Rf2 b5 12. Raf1 b4 13. Nd1 f6 14. c3 bxc3 15. bxc3 Ndc6 16. d4 cxd4 17. cxd4 f5 18. fxe5 dxe5 19. d5 Nd4 20. Ng5 Qd6 21. Nc3 Bd7 22. Nf3 Rb4 23. Nh4 Rc4 1/2-1/2

[Event "SVK-chT 1617"]
[Site "Slovakia"]
[Date "2017.02.18"]
[Round "7.2"]
[White "Tropp, Oliver"]
[Black "Holecko, Rastislav"]
[Result "0-1"]
[WhiteElo "2230"]
[BlackElo "2236"]
[PlyCount "48"]
[EventDate "2016.10.22"]
[EventType "team-tourn"]
[EventRounds "11"]
[EventCountry "SVK"]
[SourceTitle "CBM 177 Extra"]
[Source "ChessBase"]
[SourceDate "2017.04.27"]
[SourceVersion "1"]
[SourceVersionDate "2017.04.27"]
[SourceQuality "1"]
[WhiteTeam "Liptov Chess School"]
[BlackTeam "Sabinov"]
[WhiteTeamCountry "SVK"]
[BlackTeamCountry "SVK"]

1. d4 Nf6 2. Nc3 d5 3. Bg5 Bf5 4. f3 Bg6 5. e3 Nbd7 6. Bd3 c6 7. Bf4 Qb6 8. Nge2 Nh5 9. 0-0 e5 10. Bg5 Bd6 11. Bxg6 hxg6 12. f4 exd4 13. exd4 Nhf6 14. Ng3 0-0-0 15. b3 Rde8 16. Na4 Qc7 17. c4 Qa5 18. Rc1 Ne4 19. Nxe4 Rxe4 20. Nc3 Rxd4 21. Qg4 dxc4 22. Ne2 Rd2 23. Ng3 Qd5 24. Ne2 f5 0-1

[Event "SVK-chT1E 1617"]
[Site "Slovakia"]
[Date "2016.10.15"]
[Round "1.4"]
[White "Holecko, Rastislav"]
[Black "Miciak, Maros"]
[Result "1-0"]
[WhiteElo "2236"]
[BlackElo "2195"]
[PlyCount "43"]
[EventDate "2016.10.15"]
[EventType "team-tourn"]
[EventRounds "11"]
[EventCountry "SVK"]
[SourceTitle "CBM 175 Extra"]
[Source "ChessBase"]
[SourceDate "2016.12.12"]
[SourceVersion "1"]
[SourceVersionDate "2016.12.12"]
[SourceQuality "1"]
[WhiteTeam "Michalovce Zemplin"]
[BlackTeam "Kysucke Nove Mesto"]
[WhiteTeamCountry "SVK"]
[BlackTeamCountry "SVK"]

1. e4 e5 2. Nf3 Nc6 3. Bb5 a6 4. Ba4 Nf6 5. Qe2 b5 6. Bb3 Bc5 7. c3 0-0 8. 0-0 Re8 9. d3 d5 10. Bg5 dxe4 11. dxe4 Be6 12. Nbd2 Qe7 13. Bd5 Bxd5 14. exd5 Na7 15. Ne4 Red8 16. Nh4 Rxd5 17. Qf3 Kf8 18. Nxf6 e4 19. Nxe4 Rxg5 20. Nxg5 Re8 21. Qf5 g6 22. Ne6+ 1-0

[Event "SVK-chT1E 1516"]
[Site "Slovakia"]
[Date "2015.10.24"]
[Round "1.4"]
[White "Holecko, Rastislav"]
[Black "Staffen, Richard"]
[Result "1/2-1/2"]
[WhiteElo "2256"]
[BlackElo "2042"]
[PlyCount "107"]
[EventDate "2015.10.24"]
[EventType "team-tourn"]
[EventRounds "11"]
[EventCountry "SVK"]
[SourceTitle "CBM 169 Extra"]
[Source "ChessBase"]
[SourceDate "2015.12.18"]
[SourceVersion "1"]
[SourceVersionDate "2015.12.18"]
[SourceQuality "1"]
[WhiteTeam "Michalovce Zemplin"]
[BlackTeam "Zilina Mladost II"]
[WhiteTeamCountry "SVK"]
[BlackTeamCountry "SVK"]

1. e4 c5 2. Nc3 e6 3. f4 a6 4. Nf3 Nc6 5. d3 d5 6. e5 Nh6 7. g3 Nf5 8. Bg2 b5 9. 0-0 Qb6 10. Kh1 Bb7 11. Qe1 Be7 12. Nd1 h5 13. Ne3 Nh6 14. c3 d4 15. cxd4 Nxd4 16. Qf2 0-0-0 17. Ng5 Bxg5 18. fxg5 Nhf5 19. Kg1 Bxg2 20. Qxg2 Qb7 21. Qf2 Kb8 22. Bd2 Nxe3 23. Bxe3 Nf5 24. Rfd1 h4 25. g4 Nxe3 26. Qxe3 h3 27. Qg3 Rd4 28. Rd2 Qd5 29. Rf1 c4 30. dxc4 Qxc4 31. Rxd4 Qxd4+ 32. Qf2 Qxg4+ 33. Kh1 Qe4+ 34. Kg1 Qg4+ 35. Kh1 Qg2+ 36. Qxg2 hxg2+ 37. Kxg2 Rh5 38. h4 Rxh4 39. Rxf7 Rg4+ 40. Kf3 Rxg5 41. Re7 Rxe5 42. Rxg7 Rc5 43. Re7 e5 44. Re6 Kb7 45. Re7+ Kb6 46. Re6+ Ka5 47. a3 Ka4 48. Rxa6+ Kb3 49. Rb6 Kxb2 50. a4 Ka3 51. axb5 Kb4 52. Rb8 Rxb5 53. Rxb5+ Kxb5 54. Ke4 1/2-1/2

[Event "SVK-chT1E 1415"]
[Site "Slovakia"]
[Date "2014.10.18"]
[Round "1.4"]
[White "Holecko, Rastislav"]
[Black "Rogos, Jan Jr"]
[Result "1-0"]
[WhiteElo "2264"]
[BlackElo "2147"]
[PlyCount "69"]
[EventDate "2014.10.18"]
[EventType "team-tourn"]
[EventRounds "11"]
[EventCountry "SVK"]
[SourceTitle "EXT 2016"]
[Source "ChessBase"]
[SourceDate "2015.10.08"]
[SourceVersion "1"]
[SourceVersionDate "2015.10.08"]
[SourceQuality "1"]
[WhiteTeam "Michalovce Zemplin"]
[BlackTeam "Jelsava"]
[WhiteTeamCountry "SVK"]
[BlackTeamCountry "SVK"]

1. e4 c5 2. Nc3 g6 3. f4 Bg7 4. Nf3 Nc6 5. g3 d6 6. Bg2 Nf6 7. d3 0-0 8. 0-0 Rb8 9. a4 a6 10. h3 Bd7 11. Be3 b5 12. axb5 axb5 13. Qd2 c4 14. Rae1 b4 15. Nd1 Qa5 16. Bf2 cxd3 17. cxd3 Rfc8 18. d4 b3 19. Nc3 Nb4 20. Ra1 Qc7 21. e5 Ne8 22. Rac1 Qa5 23. Ng5 Qa6 24. Rfd1 h6 25. Nge4 Kh7 26. Ra1 Qc4 27. Ra7 Rd8 28. Bf1 Qc8 29. Rc1 Nc2 30. Nd5 Bxh3 31. Nxe7 Qe6 32. d5 dxe5 33. dxe6 Rxd2 34. Nxd2 Bxe6 35. Nc6 1-0

[Event "SVK-chT1E 1314"]
[Site "Slovakia"]
[Date "2014.03.01"]
[Round "8.5"]
[White "Zvarikova, Alexandra"]
[Black "Holecko, Rastislav"]
[Result "1/2-1/2"]
[WhiteElo "2001"]
[BlackElo "2260"]
[PlyCount "222"]
[EventDate "2013.10.12"]
[EventType "team-tourn"]
[EventRounds "11"]
[EventCountry "SVK"]
[SourceTitle "EXT 2015"]
[Source "ChessBase"]
[SourceDate "2014.11.20"]
[SourceVersion "1"]
[SourceVersionDate "2014.11.20"]
[SourceQuality "1"]
[WhiteTeam "Zilina Mladost"]
[BlackTeam "Michalovce Zemplin"]
[WhiteTeamCountry "SVK"]
[BlackTeamCountry "SVK"]

1. e4 d5 2. exd5 Nf6 3. Bb5+ Bd7 4. Bc4 Bg4 5. f3 Bc8 6. d4 Nxd5 7. Nc3 e6 8. Nge2 Be7 9. 0-0 0-0 10. Nf4 Nb6 11. Bb3 Nc6 12. d5 Bc5+ 13. Kh1 exd5 14. Nfxd5 Nd4 15. Bf4 Nxd5 16. Nxd5 c6 17. Be3 Nxb3 18. axb3 Bd6 19. Nc3 Qc7 20. f4 Re8 21. Bb6 Qxb6 22. Qxd6 Bf5 23. Qd2 Rad8 24. Qf2 Rd4 25. Rae1 Rdd8 26. Rxe8+ Rxe8 27. Re1 Rd8 28. Qe2 h6 29. g4 Bd7 30. h3 c5 31. Kh2 Qf6 32. Kg3 Bc6 33. Rd1 Re8 34. Qf2 b6 35. Rd2 h5 36. Kh2 Qg6 37. Kg3 Qf6 38. gxh5 Qf5 39. Re2 Qxh5 40. Rxe8+ Bxe8 41. Qd2 Qg6+ 42. Kh2 Bc6 43. Qd8+ Kh7 44. Qh4+ Qh6 45. Qg5 Qd6 46. Qf5+ Qg6 47. Qd3 Qxd3 48. cxd3 Kg6 49. Kg3 Kf5 50. Nd1 Ke6 51. Ne3 Bb7 52. Kf2 Ba6 53. Ke2 Bc8 54. Kf3 Kd6 55. h4 Be6 56. Ke4 g6 57. Nc4+ Ke7 58. d4 cxd4 59. Kxd4 Kf6 60. Ke4 Bf5+ 61. Kf3 Bc2 62. b4 Ke6 63. Kg4 Bd1+ 64. Kg5 Bh5 65. f5+ Kd5 66. Ne3+ Ke4 67. Nc4 Kd5 68. Ne3+ Ke4 69. Nc4 Kd5 70. Ne3+ Kd6 71. Nc4+ Ke7 72. fxg6 Bxg6 73. Ne5 Be4 74. Ng4 f5 75. Nf2 Bc2 76. Nh3 Kf7 77. h5 Bb1 78. h6 Bc2 79. Nf4 Bb1 80. Ng6 Kg8 81. Ne7+ Kh7 82. Nd5 Bd3 83. Nf6+ Kh8 84. Nd5 Kh7 85. Nf4 Bc2 86. Ng6 Bb1 87. Ne7 f4 88. Kxf4 Kxh6 89. Nc8 a5 90. b5 Bd3 91. Nd6 Bf1 92. Ke5 Bg2 93. Nc8 Bf1 94. Na7 Kg6 95. Kd6 Kf6 96. Kc7 Ke6 97. Kxb6 a4 98. Kc6 Bg2+ 99. Kc7 Kd5 100. b6 Kc5 101. Nc8 Kb4 102. Ne7 Kb5 103. Nf5 Kb4 104. Nd4 Kc5 105. Nc2 Be4 106. Ne3 Kb4 107. Kd6 Kb5 108. Nd5 Bxd5 109. Kxd5 Kxb6 110. Kc4 a3 111. bxa3 Ka5 1/2-1/2

[Event "SVK-chT1E 1314"]
[Site "Slovakia"]
[Date "2013.10.12"]
[Round "1.5"]
[White "Holecko, Rastislav"]
[Black "Singliar, Anton"]
[Result "1-0"]
[WhiteElo "2260"]
[BlackElo "2112"]
[PlyCount "169"]
[EventDate "2013.10.12"]
[EventType "team-tourn"]
[EventRounds "11"]
[EventCountry "SVK"]
[SourceTitle "EXT 2015"]
[Source "ChessBase"]
[SourceDate "2014.11.20"]
[SourceVersion "1"]
[SourceVersionDate "2014.11.20"]
[SourceQuality "1"]
[WhiteTeam "Michalovce Zemplin"]
[BlackTeam "Dolny Kubin"]
[WhiteTeamCountry "SVK"]
[BlackTeamCountry "SVK"]

1. e4 e5 2. Nf3 Nc6 3. Bb5 a6 4. Ba4 d6 5. c3 Nf6 6. Qe2 Be7 7. 0-0 0-0 8. Rd1 Bd7 9. Bb3 Qe8 10. h3 Kh8 11. d4 Ng8 12. Nbd2 f6 13. Nf1 Bd8 14. Ng3 Nce7 15. Be3 Ng6 16. Qd2 Bc6 17. Bc2 N8e7 18. Rf1 Bb5 19. Rfe1 Ba4 20. b3 Bc6 21. c4 b6 22. Rad1 a5 23. Nh2 Bd7 24. f4 Nc6 25. Nf3 exf4 26. Bxf4 Nxf4 27. Qxf4 Qf7 28. Rf1 Be7 29. Rf2 Qg8 30. Nf5 g6 31. Ne3 Rae8 32. Qg3 Qg7 33. h4 Bd8 34. Nd5 f5 35. Re2 fxe4 36. Rxe4 Rxe4 37. Bxe4 Re8 38. Bb1 Be6 39. Nxb6 cxb6 40. d5 Ne5 41. Nxe5 Qxe5 42. Qxe5+ dxe5 43. dxe6 Be7 44. Kh2 Bc5 45. Rd7 Rxe6 46. Be4 Re7 47. Rd8+ Kg7 48. g4 h6 49. Kg3 Rf7 50. Bd5 Rf8 51. Rd7+ Kf6 52. Rc7 Bd4 53. Kf3 e4+ 54. Kxe4 Bf2 55. Rc6+ Kg7 56. h5 gxh5 57. gxh5 Rf6 58. Be6 Bc5 59. Rc7+ Kf8 60. Bf5 Rf7 61. Rc6 Re7+ 62. Be6 Rg7 63. Bf5 Re7+ 64. Kd5 Be3 65. a3 Rf7 66. Ke4 Re7+ 67. Be6 Bc5 68. b4 axb4 69. axb4 Bxb4 70. Rxb6 Ba3 71. Ra6 Bb4 72. Ke5 Rc7 73. Rb6 Ba3 74. Rb3 Bc1 75. Kd6 Bf4+ 76. Kd5 Ke7 77. Rf3 Bg5 78. c5 Bf6 79. c6 Ra7 80. Bd7 Ra5+ 81. Kc4 Be5 82. Bf5 Bc7 83. Bd7 Rxh5 84. Re3+ Kd6 85. Re6# 1-0

[Event "SVK-chT1E 1213"]
[Site "Slovakia"]
[Date "2013.03.23"]
[Round "10.2"]
[White "Holecko, Rastislav"]
[Black "Macko, Michal"]
[Result "1-0"]
[WhiteElo "2243"]
[BlackElo "2123"]
[PlyCount "119"]
[EventDate "2012.10.20"]
[EventType "team-tourn"]
[EventRounds "11"]
[EventCountry "SVK"]
[SourceTitle "EXT 2015"]
[Source "ChessBase"]
[SourceDate "2014.11.20"]
[SourceVersion "1"]
[SourceVersionDate "2014.11.20"]
[SourceQuality "1"]
[WhiteTeam "Michalovce Zemplin"]
[BlackTeam "Liptov Chess School"]
[WhiteTeamCountry "SVK"]
[BlackTeamCountry "SVK"]

1. e4 c5 2. Nc3 Nc6 3. f4 e6 4. Nf3 a6 5. g3 d6 6. d3 Qc7 7. Bg2 b5 8. 0-0 Bb7 9. Be3 Nf6 10. h3 h5 11. Bf2 Be7 12. Qd2 Rc8 13. Rae1 Nd7 14. Re2 Bf6 15. d4 cxd4 16. Nxd4 Nxd4 17. Bxd4 Bxd4+ 18. Qxd4 Qb6 19. Rd1 Ke7 20. Red2 Rhd8 21. Kh2 Qxd4 22. Rxd4 Nb6 23. a4 Nc4 24. axb5 Nxb2 25. Rb1 Rxc3 26. Rxb2 Rdc8 27. bxa6 Bxa6 28. Ra4 Be2 29. Ra7+ R8c7 30. Rxc7+ Rxc7 31. c3 Bd3 32. Rb3 Kf6 33. Rb6 Rc4 34. Rxd6 Bxe4 35. Bxe4 Rxe4 36. h4 Rc4 37. Rd3 Kf5 38. Kg2 Kg4 39. Kf2 Rc7 40. Ke2 Ra7 41. Re3 f6 42. c4 Kf5 43. Kd3 Rd7+ 44. Kc3 e5 45. fxe5 fxe5 46. c5 e4 47. Kc4 Ke5 48. c6 Rd4+ 49. Kc5 Rd8 50. Re1 Rf8 51. c7 Rc8 52. Kc6 Kd4 53. Kb7 Rxc7+ 54. Kxc7 e3 55. Kd6 Kd3 56. Ke6 e2 57. Kf7 Kd2 58. Rxe2+ Kxe2 59. Kxg7 Kf3 60. Kg6 1-0

[Event "SVK-chT1E 1112"]
[Site "Slovakia"]
[Date "2012.02.05"]
[Round "9.1"]
[White "Holecko, Rastislav"]
[Black "Druska, Juraj"]
[Result "0-1"]
[WhiteElo "2271"]
[BlackElo "2338"]
[PlyCount "72"]
[EventDate "2011.10.15"]
[EventType "team-tourn"]
[EventRounds "11"]
[EventCountry "SVK"]
[SourceTitle "EXT 2013"]
[Source "ChessBase"]
[SourceDate "2012.11.22"]
[SourceVersion "1"]
[SourceVersionDate "2012.11.22"]
[SourceQuality "1"]
[WhiteTeam "Sabinov"]
[BlackTeam "Liptov Chess School"]
[WhiteTeamCountry "SVK"]
[BlackTeamCountry "SVK"]

1. e4 c5 2. Nf3 Nc6 3. Bc4 d6 4. d3 Nf6 5. h3 g6 6. Bb3 Bg7 7. c3 0-0 8. 0-0 b5 9. Re1 a5 10. a4 b4 11. d4 bxc3 12. Nxc3 cxd4 13. Nxd4 Nxd4 14. Qxd4 Ba6 15. Qd1 Rb8 16. Bc2 Nd7 17. Bd3 Bxd3 18. Qxd3 Nc5 19. Qe2 Rb4 20. Qc2 Bxc3 21. Qxc3 Nxe4 22. Qc2 d5 23. b3 Qb8 24. Qd3 Qb7 25. Rb1 Rc8 26. f3 Rc3 27. Qe2 Qb6+ 28. Kh2 Qc7+ 29. Kg1 Rc2 30. Qe3 Qg3 31. Re2 Rxe2 32. Qxe2 Nc3 33. Qxe7 Nxb1 34. Bh6 Rb8 35. Qf6 Qe1+ 36. Kh2 Qc3 0-1

[Event "SVK-chT1E 1112"]
[Site "Slovakia"]
[Date "2012.02.04"]
[Round "8.1"]
[White "Sorkovsky, Miroslav"]
[Black "Holecko, Rastislav"]
[Result "0-1"]
[WhiteElo "2176"]
[BlackElo "2271"]
[PlyCount "80"]
[EventDate "2011.10.15"]
[EventType "team-tourn"]
[EventRounds "11"]
[EventCountry "SVK"]
[SourceTitle "EXT 2013"]
[Source "ChessBase"]
[SourceDate "2012.11.22"]
[SourceVersion "1"]
[SourceVersionDate "2012.11.22"]
[SourceQuality "1"]
[WhiteTeam "Banska Bystrica"]
[BlackTeam "Sabinov"]
[WhiteTeamCountry "SVK"]
[BlackTeamCountry "SVK"]

1. d4 d5 2. e4 Nf6 3. exd5 Nxd5 4. Nf3 Bf5 5. Be2 e6 6. 0-0 Be7 7. c4 Nb4 8. a3 Nc2 9. Ra2 Nxd4 10. Nxd4 Bxb1 11. Ra1 Bg6 12. Bf3 c6 13. Qb3 Qc7 14. Ne2 Nd7 15. g3 0-0 16. Nf4 Bf5 17. g4 Bg6 18. Nxg6 hxg6 19. Bg2 Bc5 20. Kh1 Nf6 21. Qf3 a5 22. Bg5 Nh7 23. Bh4 Bd6 24. Bg3 Rad8 25. Qe3 Bxg3 26. hxg3 Nf6 27. g5 Nd7 28. Be4 Qb6 29. Qf4 Qd4 30. Kg2 Nc5 31. Rae1 Nd3 32. Bxd3 Qxf4 33. gxf4 Rxd3 34. Re3 Rfd8 35. Kf3 Rd2 36. b3 Rb2 37. Ke4 Kf8 38. Rh1 Ke7 39. Rh7 Rxf2 40. Rxg7 c5 0-1